Online
Catalog

Haz de luces / (Record no. 17264)

MARC details
000 -CABECERA
campo de control de longitud fija 01230nam a2200229 a 4500
001 - NÚMERO DE CONTROL
campo de control 000017739
005 - FECHA Y HORA DE LA ÚLTIMA TRANSACCIÓN
campo de control 20220405104953.0
008 - DATOS DE LONGITUD FIJA--INFORMACIÓN GENERAL
campo de control de longitud fija 100331s1990 dr ac 001 0 spa d
040 ## - FUENTE DE LA CATALOGACIÓN
Centro catalogador/agencia de origen DO-SdBNP
Lengua de catalogación spa
Centro/agencia transcriptor BNPHU
082 ## - NÚMERO DE LA CLASIFICACIÓN DECIMAL DEWEY
Número de clasificación 920.72
Número de documento/Ítem J94h
049 ## - FONDOS LOCALES (OCLC)
Fondos de biblioteca BNPD
100 1# - ENTRADA PRINCIPAL--NOMBRE DE PERSONA
Nombre de persona Juia, Julio Jaime
9 (RLIN) 38596
245 10 - MENCIÓN DE TÍTULO
Título Haz de luces /
Mención de responsabilidad, etc. Julio Jaime Juia.
260 ## - PUBLICACIÓN, DISTRIBUCIÓN, ETC.
Lugar de publicación, distribución, etc. Santo Domingo :
Nombre del editor, distribuidor, etc. CIPAF
-- Golfo,
Fecha de publicación, distribución, etc. 1990.
Fabricante Amigo del Hogar
300 ## - DESCRIPCIÓN FÍSICA
Extensión 143 p. :
Otras características físicas il., retrs. ;
Dimensiones 23 cm.
490 1# - MENCIÓN DE SERIE
Mención de serie Minerva Mirabal
505 2# - NOTA DE CONTENIDO CON FORMATO
Nota de contenido con formato A manera de presentación -- Mercedes Laura Aguiar -- Mercedes Alfau Pilier -- Mercedes Amiama B -- Concha Benítez de Valera -- Eloína COnstanzo Vda. Suárez -- Pilar Constanzo -- Virginia de Peña de Bordas -- Leonor María Feltz -- Armida García de Contreras -- Flérida García de Nolasco -- María Josefa Gómez -- Petronila Angélica Gómez -- Olimpia Gómez Alardo -- Ernestina Gómez de Read -- Martha María Lamarche -- Ninón Lapeiretta Pichardo -- Melba Marrero de Minné -- Carmen Natalia Martínez Bonilla -- Adela Mateo Lebrón.
650 #0 - PUNTO DE ACCESO ADICIONAL DE MATERIA--TÉRMINO DE MATERIA
Término de materia o nombre geográfico como elemento de entrada Mujeres en República Dominicana
9 (RLIN) 2066
650 #4 - PUNTO DE ACCESO ADICIONAL DE MATERIA--TÉRMINO DE MATERIA
Término de materia o nombre geográfico como elemento de entrada Mujeres
Subdivisión general Biografías
9 (RLIN) 2896
710 1# - PUNTO DE ACCESO ADICIONAL--NOMBRE DE ENTIDAD CORPORATIVA
Nombre de entidad corporativa o nombre de jurisdicción como elemento de entrada CIPAF (Organización)
9 (RLIN) 1929
830 #0 - PUNTO DE ACCESO ADICIONAL DE SERIE-TÍTULO UNIFORME
Título uniforme Minerva Mirabal
9 (RLIN) 38597
Holdings
Estado de retiro Estado de pérdida Restricciones de uso No para préstamo Código de colección Localización permanente Ubicación/localización actual Ubicación en estantería Fecha de adquisición Número de inventario Total de préstamos Signatura topográfica completa Código de barras Fecha visto por última vez Número de copia Precio válido a partir de Tipo de ítem Koha Nota pública
        Dominicana de Servicio General General Depósito 31.03.2010 LF1   920.72 J94h 17739-30 25.06.2020 e. 3 25.06.2020 Libro y Folleto Colección Dominicana de Servicio  
        Dominicana de Servicio General General Depósito 30.06.2015 LF1   920.72 J94h 17739-40 25.06.2020 e. 4 25.06.2020 Libro y Folleto Colección Dominicana de Servicio Perteneció a la biblioteca personal de Chiqui Vicioso / Fidelio Despradel.
      Excluido de préstamo Patrimonio Dominicano Patrimonio Dominicano Patrimonio Dominicano Depósito 31.03.2010 LF1   920.72 J94h 17739-10 25.06.2020   25.06.2020 Libro y Folleto Colección Patrimonio Dominicano Perteneció a la biblioteca personal de Chiqui Vicioso Fidelio Despradel.
      Excluido de préstamo Patrimonio Dominicano Patrimonio Dominicano Patrimonio Dominicano Depósito 31.03.2010 LF1   920.72 J94h 17739-20 25.06.2020 e. 2 25.06.2020 Libro y Folleto Colección Patrimonio Dominicano  

Powered by Koha